| 000 | 00887nam a2200193 u 4500 | ||
|---|---|---|---|
| 003 | AM-YeHGA | ||
| 005 | 20250618072927.0 | ||
| 008 | 070511s1937 ai r 000 0 arm d | ||
| 040 | _aAM-YeHGA | ||
| 041 | 0 | _aarm | |
| 245 | 0 | 0 |
_aԾրագիր մեծահասակների կիսագրագիտության վերացման դպրոցների : _bՀայոց լեզու : Թվաբանություն : Աշխարհագրություն / _cՀԽՍՀ Լուսժողկոմատ; Մեծահասակների ուսուցման վարչ. |
| 260 |
_aՅերևան : _bՊետական հրատ., _c1937. |
||
| 300 | _a25 էջ. | ||
| 650 | 1 | 4 | _aԿրթական ծրագիր |
| 650 | 1 | 4 |
_aԱՆգրագիտության վերացում _95555 |
| 856 | 4 |
_uhttp://greenstone.flib.sci.am/gsdl/collect/opac/books/Mec-kisagragit-verac.pdf _yԿարդալ առցանց _z |
|
| 942 |
_2udc _cBK |
||
| 090 | _c200865 | ||
| 999 |
_c199381 _d199381 |
||